Las Bases del Derecho Administrativo / Sabino Cassese ; traducción: Luis Ortega Luis Ortega
Publicado:
Madrid :
MAP, Ministerio para las Administraciones Públicas. Insituto Nacional de Administración Pública ,
1994
Descripción Física:
381 p. ; 24 cm
Colección:
Estudios. Administración general
Otros Autores:
Ortega, Luis, tr
MARC
| LEADER | 00000nam a2200000Ia 4500 | ||
|---|---|---|---|
| 001 | 19193 | ||
| 008 | 160829s1994 xx 000 0 cat d | ||
| 080 | |a D-3-166 | ||
| 100 | |a Cassese, Sabino |9 16046 | ||
| 245 | |a Las Bases del Derecho Administrativo / Sabino Cassese ; traducción: |b Luis Ortega | ||
| 260 | |a Madrid : |b MAP, Ministerio para las Administraciones Públicas. Insituto Nacional de Administración Pública, |c 1994 | ||
| 300 | |a 381 p. ; |c 24 cm | ||
| 490 | |a Estudios. Administración general | ||
| 650 | 0 | |a Administració pública |9 23819 | |
| 650 | 0 | |a Dret administratiu |9 7957 | |
| 700 | |a Ortega, Luis, tr. |9 45245 | ||
| 710 | |a Instituto Nacional de Administración Pública (Espanya) |9 17952 | ||
| 710 | |a Espanya. |b Ministerio para las Administraciones Públicas |9 69872 | ||
| 901 | |a Arxiu | ||
| 942 | |n 1 | ||
| 952 | |0 1 |1 0 |2 udc |4 0 |5 2 |6 D3166 |7 1 |9 52476 |a Arxiu |b Arxiu |d 2016-12-01 |l 0 |o D-3-166 |p 19193 |r 2016-12-01 00:00:00 |w 2016-12-01 |y ARXIU | ||
| 999 | |c 56324 |d 56324 | ||